Nghiên cứu khả năng hấp phụ phẩm nhuộm Acid red 97 của Chitosan và của Chitosan liên kết ngang với Epichohydrin : Chuyên ngành hóa hữu cơ

Nội dung đề tài gồm có khái niệm về Chitin và Chitosan, cấu trúc của Chitin, tính chất và ứng dụng của Chitin và Chitosan, cấu trúc của phẩm nhuộm Acid red 97, khả năng hấp phụ phẩm màu acid của chitosan phụ thuộc vào pH của môi trường....

全面介绍

Đã lưu trong:
书目详细资料
主要作者: Huỳnh, Quang Cường
格式: 图书
语言:Undetermined
出版: Cần Thơ Trường Đại học Cần Thơ 2008
主题:
标签: 添加标签
没有标签, 成为第一个标记此记录!
Thư viện lưu trữ: Trung tâm Học liệu Trường Đại học Cần Thơ
LEADER 01172nam a2200217Ia 4500
001 CTU_137304
008 210402s9999 xx 000 0 und d
082 |a 547 
082 |b C561 
088 |a 60440114 
100 |a Huỳnh, Quang Cường 
245 0 |a Nghiên cứu khả năng hấp phụ phẩm nhuộm Acid red 97 của Chitosan và của Chitosan liên kết ngang với Epichohydrin : 
245 0 |b Chuyên ngành hóa hữu cơ 
245 0 |c Huỳnh Quang Cường ; Nguyễn Công Hào giáo viên hướng dẫn 
260 |a Cần Thơ 
260 |b Trường Đại học Cần Thơ 
260 |c 2008 
520 |a Nội dung đề tài gồm có khái niệm về Chitin và Chitosan, cấu trúc của Chitin, tính chất và ứng dụng của Chitin và Chitosan, cấu trúc của phẩm nhuộm Acid red 97, khả năng hấp phụ phẩm màu acid của chitosan phụ thuộc vào pH của môi trường. 
650 |a Hóa học, hữu cơ,Chemistry, organic 
904 |i Tuyến 
980 |a Trung tâm Học liệu Trường Đại học Cần Thơ